000 00926nam a2200181Ia 4500
999 _c8220
_d8220
005 20250227172709.0
008 230605s9999 xx 000 0 und d
040 _aUPAN
_cBiblioteca San Vicente
_eRCAA2
041 _aspa
082 _a347.05
_bV377t
_c1990
100 _aVasquez López. Luis
_4aut.
245 0 _aTeoria General del Proceso/
_bLic. Luis Vàsquez Lòpez
260 _aEl Salvador;
_bLis,
_c2000?
300 _a111 p.:
_c21 cm.
505 _aCapitulo I. Función jurisdiccional Capitulo II. Derecho de acción. Capitulo III. El derecho de excepción. Capitulo IV. El proceso. Capitulo V. Presupuestos procesales. Capitulo VI. Principios formativos. Capitulo VII. Funciones NO jurisdiccionales atribuidas. Capitulo VIII. La prueba. Capitulo IX. La sentencia. Capitulo X. Impugnación de las resoluciones judiciales. Capitulo XI. La cosa juzgada.
650 _2LEMB
_aProceso (Derecho)
942 _cBK
_2ddc